Statistics for Most Expensive Football Leagues in the World

Click here to take the quiz!

General Stats

  • This quiz has been taken 88 times
    (49 since last reset)
  • The average score is 34 of 40

Answer Stats

RankMarket ValueAnswer% Correct
13£651.65mArgentina
100%
6£1.16bnBrazil
100%
1£8.34bnEngland
100%
4£3.65bnGermany
100%
3£4.20bnItaly
100%
10£837.14mNetherlands
100%
8£997.65mPortugal
100%
2£4.40bnSpain
100%
5£3.05bnFrance
98%
7£1.01bnUnited States / MLS
98%
31£146.23mChina
95%
20£259.13mJapan
95%
14£639.90mRussia
95%
12£706.79mBelgium
93%
11£725.54mMexico
91%
28£187.96mSweden
91%
9£928.82mTurkey
91%
17£312.39mAustria
89%
16£319.20mSaudi Arabia
89%
23£235.10mSwitzerland
89%
19£272.09mUkraine
89%
26£205.22mColombia
86%
22£239.34mDenmark
86%
15£336.53mGreece
86%
35£142.43mNorway
86%
38£132.73mUruguay
86%
24£228.67mPoland
84%
33£144.72mChile
82%
36£141.14mSouth Korea
82%
21£248.10mCroatia
80%
39£127.98mEgypt
80%
29£180.70mRomania
75%
40£126.63mPeru
73%
18£302.42mScotland
73%
27£193.48mCzech Republic
68%
32£144.81mQatar
64%
37£140.18mEcuador
61%
30£169.20mSerbia
61%
25£213.59mUnited Arab Emirates
59%
34£142.49mCyprus
39%

Score Distribution

Percentile by Number Answered

Percent of People with Each Score

Your Score History

You have not taken this quiz since the last reset